Witcher 3 - allgemein Quiz - Statistiken

Allgemein
  • Dieses Quiz wurde 228 mal gespielt
  • Das Durchschnittsergebnis liegt bei 12 aus 15
Antwortstatistiken
Hint Antwort % Korrekt
Vervollständige: Geralt von ____ Riva
98%
Wie heißt die Prinzessin, welche die Ziehtochter von Geralt wird? Ciri / Cirilla
94%
Welches Tier dient als Zeichen/Wappen für die Hexerschule in der Geralt aufgewachsen ist? Wolf
94%
Auf welchen Namen hört das Pferd von Geralt? Plötze
92%
Aus was für einem Material ist das Schwert mit welchem man Ungeheuer und Monster jeglicher Art bekämpft? Silber
89%
Wie heißt die rothaarige Zauberin? Triss Merigold
84%
Nenne das Tier welches als Zeichen/Wappen einer anderen Hexerschule dient. Katze/Greif/Viper/Bär/Mantikor
81%
Wer ist der älteste bekannte Hexer, welcher auch Geralt ausgebildet hat? Vesemir
79%
Wie heißt der gute Freund von Geralt welcher öfters in der Klemme steckt? Rittersporn
77%
Wie heißt die mächtige dunkelhaarige Zauberin? Yennefer
77%
Wie heißt die Horde von Geistern auf Pferden, welche die Prinzessin verfolgen? Die Wilde Jagd
76%
Wo befindet sich die Festung welche als Unterschlupf der Hexer dient? Kaer Morhen
68%
Wie heißt das Königreich aus dem die Prinzessin stammt? Cintra
60%
Was sind folgende Beispiele in Witcher 3: Quen, Igni, Axii, Yrden, Aard Zauber
56%
Unter welchem Namen sind die drei Hexen bekannt, die in den Sümpfen von Velen leben? Muhmen
45%
Keine übereinstimmenden Quizze gefunden
Verteilung der Resultate
Anzahl Personen mit jedem Resultat
Perzentil nach korrekt beantworteten Fragen
Ihre Resultats-Entwicklung
Sie haben dieses Quiz noch nicht gespielt